Responses for Show #3400 - Friday, May 21, 1999

1999-A Celebrity Jeopardy! game 5.

Contestants

[<< previous game]

Graham Nash, a singer-songwriter from Crosby, Stills, Nash & Young

Jane Seymour, an actress from Dr. Quinn, Medicine Woman

Garry Marshall, an actor, TV producer and movie director originally from Bronx, New York

[next game >>]

Jeopardy! Round responses

THE WOK OF FAME
(Alex: But a different kind of walk, as you can see!)
FUN COUPLES IN HISTORY
HIRSCHFELD
(Alex: Now, many people in show business do not feel they have arrived until [*], the artist, has done their portrait, and we have a whole category devoted to his work.)
BRITISH ROCKERS
(Alex: Hello, Graham!)
'80s BESTSELLERS
HOW TO FAKE IT
    $100 1
Cleopatra

Garry
    $100 3
Alfred Hitchcock

Jane
    $100 11
The Rolling Stones

Graham
    $200 15
Szechuan

Jane
    $200 2
(Graham: Who is Queen Elizabeth I?)
(Garry: Who is Anne Boleyn?)

Jane Seymour

GarryGraham
Triple Stumper
    $200 4
Lucille Ball

Garry
    $200 10
(Garry: Who are The Beatles?)

Wings

GarryGraham
    $300 16
bird nests

Graham
    $300 14
Marie Antoinette

Jane
    $300 5
Marlene Dietrich

Garry
    $300 9
Elton John

Graham
    $1,200 21
George Burns

Graham
    $300 20
ear

Graham
    $400 13
Peter the Great

Garry
    $400 6
(Garry: Who is Zero Mostel?)

Jackie Gleason

GarryGraham
    $400 8
Dusty Springfield

Graham
    $400 19
seat

Graham
    $500 12
Lady Macbeth

Garry
    $500 17
(Garry: Who is Buster Keaton?)
...
(Alex: We have a minute left in this round.)

Harold Lloyd

GarryGraham
    $500 7
The Moody Blues

Graham
    $500 22
[The end-of-round signal sounds.]

in Kindergarten

Graham
    $500 18
Sammy Sosa

Garry

Scores at the first commercial break (after clue 11):

Garry Jane Graham
-$200 $100 $1,700

Scores at the end of the Jeopardy! Round:

Garry Jane Graham
$700 $600 $4,900

Double Jeopardy! Round responses

THE HOLLYWOOD WALK OF FAME
(Alex: Yes, the real one!)
LEADERS
PLAYING DOCTOR
ART & ARTISTS
IN THE MAKEUP CHAIR
LAVERNES & SHIRLEYS SING!
    $200 14
Louis Armstrong

Garry
    $200 19
John F. Kennedy

Graham
    $200 26
M*A*S*H

Garry
    $200 7
Vincent Van Gogh

Jane
    $200 23
suntan

Graham
    $200 4
Shirley Temple

Graham
    $400 13
(Graham: What is broadcasting?)

radio

Graham
    $400 18
Margaret Thatcher

Graham
    $400 20
ER

Garry
    $400 6
Michelangelo

Garry
    $400 8
(Graham: Who is Miss Lewinsky?)

Monica Lewinsky

Graham
    $400 27
the Andrews Sisters

Graham
    $600 12
(Garry: Who was Bette Davis?)
(Graham: Who is the lady that's married to Paul Newman?)
(Alex: I need a name!)

Joanne Woodward

GarryJaneGraham
    $600 9
(Jane: Who is Khrushchev?)
(Garry: Who is Lenin?)

Joseph Stalin

GarryJane
Triple Stumper
    $600 1
Providence

Graham
    $3,000 5
Pablo Picasso

Graham
    $600 22
eyelashes

Graham
    $600 28
(Garry: Who is Gwen Verdon?)
...
[The end-of-round signal sounds.]
...
(Alex: Jane has -$200, but we're going to change that to a plus.)

Shirley MacLaine

GarryGraham
    $800 15
Zanuck

Graham
    $800 10
Dan Quayle

Graham
    $800 17
(Garry: What is One Life to Live?)
...
(Alex: I'm losing control here!)

General Hospital

GarryGraham
    $800 2
Toulouse-Lautrec

Graham
    $800 24
blush/rouge

Graham
    $1000 16
(Jane: Johnny... Johnny...)

Johnny Grant

GarryJane
    $3,000 11
(Graham: Who was Paul?)

St. Peter

Graham
    $1000 21
(Alex: We have a minute to go.)

Marcus Welby, M.D.

Triple Stumper
    $1000 3
Auguste Rodin

Garry
    $1000 25
cucumber

Graham

Scores at the end of the Double Jeopardy! Round:

Garry Jane Graham
$1,300 -$200 $13,300
(lock game)

[wagering suggestions for these scores]

Final Jeopardy! Round responses

MOVIE CHARACTERS
JaneWho
$200
GarryWho was Scarlett O hara
$1,300
GrahamWho is Godzilla
$10,000
Scarlett O'Hara

Final scores:

Garry Jane Graham
$2,600 $0 $3,300
2nd place: $10,000 for the Los Angeles Free Clinic 3rd place: $10,000 for City Hearts Winner: $15,000 the Nicolette Larson Pediatric Foundation

Game dynamics:

Coryat scores:

Garry Jane Graham
$1,300 -$200 $13,000
12 R,
8 W
5 R,
2 W
29 R
(including 2 DDs),
3 W
(including 1 DD)

Combined Coryat: $14,100

[game clues] [game scores] [suggest correction]

Game tape date: Unknown
The J! Archive is created by fans, for fans. Scraping, republication, monetization, and malicious use prohibited; this site may use cookies and collect identifying information. See terms. The Jeopardy! game show and all elements thereof, including but not limited to copyright and trademark thereto, are the property of Jeopardy Productions, Inc. and are protected under law. This website is not affiliated with, sponsored by, or operated by Jeopardy Productions, Inc. Join the discussion at JBoard.tv.